000 01983cam a22005534i 4500
003 PE-LiUPU
005 20250731180157.0
008 150616s1995 sp r 000 0 spa d
020 _a8420007846
020 _a9788420007847
035 _a(Sirsi) i9788420007847
040 _aPE-LiUPU
_bspa
_cPE-LiUPU
_dPE-LiUPU
_erda
049 _aPRUA
082 0 4 _a576.163
_bM51
_221
245 0 0 _aMicrobiología Alimentaria :
_bFermentaciones Alimentarias /
_ccoordinadores, C.M. Bourgeois, J.F. Mescle, J. Zucca ; traducido por Víctor A. Díez Fernández.
264 1 _aZaragoza :
_bEditorial Acribia, S.A.,
_c1995.
300 _a366 páginas ;
_c24 centímetros
336 _atext
_2rdacontent
337 _aunmediated
_2rdamedia
338 _avolume
_2rdacarrier
505 0 _aLos microorganismos de las fermentaciones -- La fermentación de los productos vegetales -- La fermentación de los productos animales -- Perspectivas.
526 _aSEG44
526 _aSEG26
526 _aP159
526 _aP155
526 _aP154
526 _aP153
526 _aP150
526 _aP100
526 _aP31
526 _aP30
526 _aP26
526 _aP25
526 _aP24
526 _aP22
526 _aP15
526 _aP10
650 0 4 _aMicrobiología alimentaria.
700 1 _aBourgeois, C. M.,
_ecoordinador.
700 1 _aMescle, J. F.,
_ecoordinador.
700 1 _aZucca, J.,
_ecoordinador.
910 _ajck
_bjvq
_cjck
942 _2ddc
_cBOOK
949 _a576.163 M51
_wDEWEY
_c1
_i43274
_d2016-9-18
_e2016-9-18
_lCCODEBUL1
_mBUL
_n4
_r0
_sY
_tBOOK
_u2015-6-16
_xSALUD
_zUNKNOWN
_0COMPRA
_o.STAFF. Colección Ciencias de la Salud
994 _aC0
_bPEPRU
596 _a1
999 _a576.163 M51
_wDEWEY
_c61240
_i43274
_d61240
_e2019-8-29
_f2021-11-3
_g5
_lCCODEBUL1
_mBUL
_n8
_p32.30
_q5
_r0
_sY
_tBOOK
_u2015-6-16
_xSALUD
_zUNKNOWN
_0COMPRA
_o.STAFF. Colección Ciencias de la Salud
980 _81
_gALBERTO SANCHEZ Responsable de Automatización